Historia de la Rusia contemporánea

שמור ב:
מידע ביבליוגרפי
מחבר ראשי: Falcionelli, ALberto (Author)
פורמט: ספר
שפה:ספרדית
יצא לאור: Mendoza, Argentina Universidad Nacional de Cuyo 1954
נושאים:
תגים: הוספת תג
אין תגיות, היה/י הראשונ/ה לתייג את הרשומה!

MARC

LEADER 00000nam a2200000 a 4500
001 UCO2159
003 CL-VaPUC
005 20231102094546.0
008 000602e19540000AG |||||||||||||||||spa|d
999 |c 288698  |d 288696 
040 |c Pontificia Universidad Católica de Valparaíso 
082 0 4 |a 947.08 FAL 1954  |2 21 
100 0 |a Falcionelli, ALberto  |e author  |9 445054 
245 1 0 |a Historia de la Rusia contemporánea 
260 |a Mendoza, Argentina  |b Universidad Nacional de Cuyo  |c 1954 
300 |a volúmenes 
500 |a v.1: Las Ilusiones del Progreso 1825-1917 
583 |a last modification  |c 20000602 00:00:00  |k Rodrigo Vera 
650 7 |a HISTORIA DE RUSIA 1812-1917  |2 CL-VaPUC  |9 445055 
650 0 |a Historia contemporánea  |9 343224 
651 0 |a Rusia   |9 256106 
942 |c BK  |2 ddc 
945 |d 20000602 00:00:00  |a rherrera 
952 |0 0  |1 0  |2 ddc  |4 0  |6 947_080000000000000_FAL_1954  |7 0  |8 A  |9 336596  |a BIBHIS  |b BIBHIS  |d 2019-11-20  |h v.1  |i 1282972  |o 947.08 FAL 1954  |p 1282972  |r 2025-01-20  |t 1  |w 2019-11-20  |y BK  |k HIS